[Event "Prague Holiday K31"]
[Site "Prague"]
[Date "2014.08.07"]
[Round "8"]
[White "Cetens, Edward"]
[Black "Pokorny, Jan1"]
[Result "1/2-1/2"]
[WhiteElo "1832"]
[BlackElo "1866"]
[PlyCount "44"]
[EventDate "2014.08.03"]
[EventType "tourn"]
[EventRounds "9"]
[EventCountry "CZE"]
[SourceTitle "EXT 2023"]
[Source "ChessBase"]
[SourceDate "2022.10.05"]
[SourceVersion "1"]
[SourceVersionDate "2022.10.05"]
[SourceQuality "1"]

1. c4 Nf6 2. g3 c6 3. Nc3 e6 4. Bg2 d5 5. cxd5 cxd5 6. d4 Be7 7. Nf3 0-0 8. 0-0 b6 9. Bg5 h6 10. Bxf6 Bxf6 11. Rc1 a6 12. e3 b5 13. b4 Nd7 14. Nb1 Nb6 15. Nbd2 Bd7 16. Nb3 Nc4 17. Nfd2 Ra7 18. Nc5 Bc6 19. Nxc4 bxc4 20. Rxc4 Bb5 21. Rc3 Bxf1 22. Bxf1 Qd6 1/2-1/2

[Event "Prague Holiday K31"]
[Site "Prague"]
[Date "2014.08.07"]
[Round "7"]
[White "Kovar, Jan2"]
[Black "Cetens, Edward"]
[Result "1-0"]
[WhiteElo "1945"]
[BlackElo "1832"]
[PlyCount "37"]
[EventDate "2014.08.03"]
[EventType "tourn"]
[EventRounds "9"]
[EventCountry "CZE"]
[SourceTitle "EXT 2023"]
[Source "ChessBase"]
[SourceDate "2022.10.05"]
[SourceVersion "1"]
[SourceVersionDate "2022.10.05"]
[SourceQuality "1"]

1. e4 c5 2. Nf3 e6 3. b3 Nc6 4. Bb2 d5 5. exd5 exd5 6. Bb5 Nf6 7. 0-0 Be7 8. Ne5 Qd6 9. d4 cxd4 10. Qxd4 0-0 11. Bxc6 bxc6 12. Nd2 Bb7 13. Ndf3 Rad8 14. Qxa7 Qc7 15. Qe3 Rfe8 16. Rfe1 c5 17. h3 Bd6 18. Qd3 c4 19. bxc4 1-0

[Event "Prague Holiday K31"]
[Site "Prague"]
[Date "2014.08.06"]
[Round "6"]
[White "Cetens, Edward"]
[Black "Fitzke, Ulrich"]
[Result "1/2-1/2"]
[WhiteElo "1832"]
[BlackElo "1926"]
[PlyCount "78"]
[EventDate "2014.08.03"]
[EventType "tourn"]
[EventRounds "9"]
[EventCountry "CZE"]
[SourceTitle "EXT 2023"]
[Source "ChessBase"]
[SourceDate "2022.10.05"]
[SourceVersion "1"]
[SourceVersionDate "2022.10.05"]
[SourceQuality "1"]

1. c4 c5 2. g3 Nc6 3. Nc3 g6 4. Bg2 Bg7 5. Nf3 Nf6 6. d3 d6 7. Bd2 Bd7 8. Qc1 0-0 9. Bh6 Qc8 10. Bxg7 Kxg7 11. h4 h5 12. Ng5 Ne5 13. 0-0 Bc6 14. Nge4 Nxe4 15. Nxe4 f5 16. Ng5 Bxg2 17. Kxg2 Nf7 18. Qc3+ e5 19. Nxf7 Rxf7 20. f4 Qc6+ 21. Kh2 Re8 22. Rae1 Kh7 23. e3 Rfe7 24. a3 b6 25. b3 d5 26. cxd5 Qxd5 27. e4 fxe4 28. dxe4 Qd6 29. f5 Qd4 30. fxg6+ Kxg6 31. Qf3 Qd7 32. Qf6+ Kh7 33. Qg5 Qg4 34. Qf5+ Qg6 35. Qxg6+ Kxg6 36. Rd1 Re6 37. Rd7 R8e7 38. Rd8 Re8 39. Rd7 R8e7 1/2-1/2